000 00466nam a2200157Ia 4500
008 151021s9999 xx 000 0 und d
020 _a9.7807637903e+012
050 _aRC 952.55.C74 2011
245 _a_Geriatric Care Management [3rd ed] Cathy Jo Cress
260 _aUSA Jones&Bartlett 2011
300 _axx,524p.
500 _aIncludes index
500 _aIncludes index
650 _a_Health service for the aged
980 _a^d20150331 05:15:46^okorir
999 _c15056
_d15056